| 000 | 00559nam a22001937a 4500 | ||
|---|---|---|---|
| 003 | OSt | ||
| 005 | 20140310181741.0 | ||
| 008 | 130323t xxu||||| |||| 00| 0 eng d | ||
| 020 | _a9715116078 | ||
| 050 |
_aBT 708 _b.El46 2006 |
||
| 082 |
_aTR 241.66 _bEl5 2006 |
||
| 245 |
_aPassion and purity : _blearning to bring your love life under Christ's control / _cElisabeth Elliot |
||
| 260 |
_aMetro, Manila : _bOMF Literature Inc, _cc2006. |
||
| 300 |
_a249 p. _c21 cm. |
||
| 521 | _aFaculty | ||
| 541 | _j1 | ||
| 562 | _e1 | ||
| 942 |
_2lcc _cBK-TR _kTR |
||
| 999 |
_c2758 _d2758 |
||